[Event "POL-chT U19 2nd League"]
[Site "Szczyrk"]
[Date "2014.08.01"]
[Round "10.121"]
[White "Blocinski, Maciej"]
[Black "Osinski, Kamil"]
[Result "1/2-1/2"]
[WhiteElo "1717"]
[BlackElo "1815"]
[PlyCount "106"]
[EventDate "2014.07.25"]
[EventType "team-swiss"]
[EventRounds "11"]
[EventCountry "POL"]
[SourceTitle "EXT 2015"]
[Source "ChessBase"]
[SourceDate "2014.11.20"]
[SourceVersion "1"]
[SourceVersionDate "2014.11.20"]
[SourceQuality "1"]
[WhiteTeam "Bydgoszcz Chemik U19"]
[BlackTeam "Belchatow LKS Stomil U19"]
[WhiteTeamCountry "POL"]
[BlackTeamCountry "POL"]

1. d4 Nf6 2. c4 g6 3. Nc3 Bg7 4. e4 d6 5. f4 0-0 6. Nf3 Bg4 7. Be2 c6 8. 0-0 Bxf3 9. Bxf3 e5 10. fxe5 dxe5 11. d5 cxd5 12. cxd5 Qb6+ 13. Kh1 Nbd7 14. Qe2 Ne8 15. Be3 Qa5 16. a3 Rc8 17. Bg4 Qd8 18. Bxa7 Nd6 19. Nb5 Qe7 20. Nxd6 Qxd6 21. Qb5 Rc7 22. Bxd7 Qxd7 23. Qxd7 Rxd7 24. Bc5 Rc8 25. b4 f5 26. exf5 Rxd5 27. h3 e4 28. f6 Bf8 29. Bxf8 Kxf8 30. Rac1 Rxc1 31. Rxc1 Kf7 32. Kg1 Kxf6 33. Rc7 b5 34. Kf2 h5 35. Rc6+ Kf5 36. g4+ hxg4 37. hxg4+ Kxg4 38. Rxg6+ Kf4 39. Ke2 Rh5 40. Rf6+ Ke5 41. Rb6 Kd4 42. Rd6+ Kc4 43. Ke3 Rh3+ 44. Kxe4 Rxa3 45. Rd4+ Kb3 46. Kd5 Ka4 47. Ke5 Rc3 48. Kd5 Rc8 49. Re4 Rd8+ 50. Kc5 Rc8+ 51. Kd5 Kb3 52. Rh4 Rc4 53. Rxc4 bxc4 1/2-1/2

[Event "POL-chT U19 2nd League"]
[Site "Szczyrk"]
[Date "2014.07.26"]
[Round "3.116"]
[White "Zarnowski, Krzysztof"]
[Black "Osinski, Kamil"]
[Result "1-0"]
[WhiteElo "1906"]
[BlackElo "1815"]
[PlyCount "77"]
[EventDate "2014.07.25"]
[EventType "team-swiss"]
[EventRounds "11"]
[EventCountry "POL"]
[SourceTitle "EXT 2015"]
[Source "ChessBase"]
[SourceDate "2014.11.20"]
[SourceVersion "1"]
[SourceVersionDate "2014.11.20"]
[SourceQuality "1"]
[WhiteTeam "Gorlice GKSz Kornuty U19"]
[BlackTeam "Belchatow LKS Stomil U19"]
[WhiteTeamCountry "POL"]
[BlackTeamCountry "POL"]

1. d4 c5 2. d5 e6 3. c4 exd5 4. cxd5 d6 5. e4 g6 6. Nc3 Bg7 7. f4 Nf6 8. Bb5+ Nfd7 9. a4 0-0 10. Nf3 a6 11. Bc4 Nb6 12. Be2 Bg4 13. 0-0 N8d7 14. a5 Bxf3 15. Rxf3 Nc8 16. Qb3 Qc7 17. Bd2 Re8 18. Bd3 b5 19. axb6 Ncxb6 20. Qd1 c4 21. Bc2 Nc5 22. Be3 Nbd7 23. Bd4 Nf6 24. Re3 Ng4 25. Re2 Qb6 26. h3 Bxd4+ 27. Qxd4 Nh6 28. Kh2 Rab8 29. Rd1 Qb4 30. Qf6 Nd7 31. Qd4 Nc5 32. g4 f5 33. gxf5 Qxb2 34. fxg6 hxg6 35. Rg1 Kh7 36. Qf6 Rg8 37. e5 Nf5 38. Bxf5 Qxe2+ 39. Nxe2 1-0

[Event "Golden Rook op 56th"]
[Site "Chotowa"]
[Date "2014.06.09"]
[Round "1"]
[White "Banach, Szymon"]
[Black "Osinski, Kamil"]
[Result "1-0"]
[WhiteElo "1921"]
[BlackElo "1797"]
[PlyCount "95"]
[EventDate "2014.06.08"]
[EventType "team-swiss"]
[EventRounds "9"]
[EventCountry "POL"]
[SourceTitle "EXT 2015"]
[Source "ChessBase"]
[SourceDate "2014.11.20"]
[SourceVersion "1"]
[SourceVersionDate "2014.11.20"]
[SourceQuality "1"]

1. e4 c5 2. Nc3 Nc6 3. f4 g6 4. Nf3 Bg7 5. Bb5 Nd4 6. 0-0 a6 7. Bc4 b5 8. Bd5 Rb8 9. d3 e6 10. Bb3 a5 11. a4 b4 12. Ne2 Nxb3 13. cxb3 Ba6 14. f5 exf5 15. Bg5 Qb6 16. exf5 Bxb2 17. Kh1 Bf6 18. Nf4 Ne7 19. Re1 Bb7 20. Qe2 Bxf3 21. Qxf3 Bxg5 22. Nd5 Qd6 23. f6 Bxf6 24. Nxf6+ Kf8 25. Ne4 Qd4 26. Rf1 f5 27. Rac1 Rc8 28. Rc4 Qe5 29. Nxc5 Rc7 30. Qa8+ Kf7 31. Qxa5 Rhc8 32. d4 Qe2 33. Rfc1 Nc6 34. Qb6 d5 35. R4c2 Qe7 36. Na6 Rb7 37. Qc5 Qe4 38. Qd6 Re8 39. h3 Nxd4 40. Nc5 Qh4 41. Qxd5+ Kf8 42. Qd6+ Rbe7 43. Rc4 Kf7 44. Qxd4 Qg3 45. Nd3 Re3 46. Rc7+ R8e7 47. Rxe7+ Kxe7 48. Qxe3+ 1-0

[Event "Polanica Zdroj op-D 49th"]
[Site "Polanica Zdroj"]
[Date "2013.08.19"]
[Round "3"]
[White "Lech, Piotr"]
[Black "Osinski, Kamil"]
[Result "1/2-1/2"]
[WhiteElo "1823"]
[BlackElo "1759"]
[PlyCount "65"]
[EventDate "2013.08.17"]
[EventType "swiss"]
[EventRounds "9"]
[EventCountry "POL"]
[SourceTitle "EXT 2014"]
[Source "ChessBase"]
[SourceDate "2013.11.20"]
[SourceVersion "1"]
[SourceVersionDate "2013.11.20"]
[SourceQuality "1"]

1. d4 c5 2. d5 e6 3. c4 exd5 4. cxd5 d6 5. Nc3 Nf6 6. e4 g6 7. Nf3 Bg7 8. h3 0-0 9. Bd3 a6 10. a4 Nbd7 11. 0-0 Re8 12. Be3 Rb8 13. Qc2 Qc7 14. Rfe1 c4 15. Bf1 b5 16. axb5 axb5 17. Ra7 Qd8 18. Nd4 Nc5 19. Nc6 Qb6 20. Rea1 Rb7 21. R1a6 Qxa6 22. Rxa6 Nxa6 23. Nxb5 Rxb5 24. Qxc4 Rxb2 25. Ne7+ Rxe7 26. Qxc8+ Re8 27. Qxa6 Nxe4 28. Qc6 Reb8 29. Bd3 R2b4 30. Ba7 R8b7 31. Qe8+ Bf8 32. Be3 Nf6 33. Qc6 1/2-1/2

[Event "Kochan Memorial op 23rd"]
[Site "Koszalin"]
[Date "2012.08.15"]
[Round "5"]
[White "Osinski, Kamil"]
[Black "Kiolbasa, Damian"]
[Result "1-0"]
[WhiteElo "1713"]
[BlackElo "1826"]
[PlyCount "75"]
[EventDate "2012.08.11"]
[EventType "swiss"]
[EventRounds "9"]
[EventCountry "POL"]
[SourceTitle "CBM 149 Extra"]
[Source "ChessBase"]
[SourceDate "2012.08.24"]
[SourceVersion "1"]
[SourceVersionDate "2012.08.24"]
[SourceQuality "1"]

1. e4 d5 2. exd5 Qxd5 3. Nc3 Qd6 4. d4 Nf6 5. Nf3 c6 6. Be3 Bg4 7. Be2 Nbd7 8. Qd2 e6 9. h3 Bh5 10. 0-0 Be7 11. a3 Nb6 12. Bf4 Qd8 13. Ne5 Bxe2 14. Nxe2 Nfd5 15. b3 Nxf4 16. Qxf4 0-0 17. c4 Bd6 18. Qe4 Qe7 19. Rfd1 a5 20. Nd3 Nd7 21. c5 Bc7 22. Nc3 Rfd8 23. Nb2 Qf6 24. b4 g6 25. Nc4 axb4 26. axb4 Rxa1 27. Rxa1 Nxc5 28. bxc5 Rxd4 29. Qe2 Qf4 30. Nd6 Bxd6 31. cxd6 Qxd6 32. Qf3 Rf4 33. Qe3 b5 34. Rd1 Qc7 35. g3 Rc4 36. Ne4 Ra4 37. Nf6+ Kf8 38. Qc5+ 1-0

[Event "Solina Mind Sports U14 op"]
[Site "Solina"]
[Date "2012.04.15"]
[Round "1"]
[White "Jarmula, Lukasz"]
[Black "Osinski, Kamil"]
[Result "0-1"]
[WhiteElo "2013"]
[BlackElo "1719"]
[PlyCount "80"]
[EventDate "2012.04.15"]
[EventType "swiss"]
[EventRounds "9"]
[EventCountry "POL"]
[SourceTitle "EXT 2014"]
[Source "ChessBase"]
[SourceDate "2013.11.20"]
[SourceVersion "1"]
[SourceVersionDate "2013.11.20"]
[SourceQuality "1"]

1. d4 d5 2. c4 e6 3. Nf3 Nf6 4. g3 Be7 5. Bg2 0-0 6. 0-0 Nbd7 7. Qc2 b6 8. cxd5 exd5 9. Bf4 c5 10. Nc3 Bb7 11. Rfd1 Rc8 12. Rac1 Ne4 13. Bh3 f5 14. Nxe4 dxe4 15. Qc4+ Kh8 16. Ne5 Nxe5 17. Bxe5 Bd5 18. Qa4 c4 19. e3 a6 20. Bf1 b5 21. Qxa6 Ra8 22. Qh6 Bf6 23. Qh5 Rxa2 24. Rb1 g6 25. Qe2 Qe7 26. Bxf6+ Qxf6 27. Qd2 Qd6 28. Ra1 Rfa8 29. Rxa2 Rxa2 30. Qc1 Qb4 31. Rd2 Qa5 32. Rd1 Qa4 33. h4 b4 34. h5 Kg7 35. hxg6 hxg6 36. Be2 Qb3 37. Rd2 c3 38. Bd1 Qc4 39. Rc2 cxb2 40. Qb1 Ra1 0-1

[Event "Polanica Zdroj op-D 47th"]
[Site "Polanica Zdroj"]
[Date "2011.08.28"]
[Round "9"]
[White "Osinski, Kamil"]
[Black "Prazmowski, Bartosz"]
[Result "1-0"]
[WhiteElo "1676"]
[BlackElo "1909"]
[PlyCount "65"]
[EventDate "2011.08.20"]
[EventType "swiss"]
[EventRounds "9"]
[EventCountry "POL"]
[SourceTitle "EXT 2014"]
[Source "ChessBase"]
[SourceDate "2013.11.20"]
[SourceVersion "1"]
[SourceVersionDate "2013.11.20"]
[SourceQuality "1"]

1. e4 e5 2. Nf3 Nc6 3. Bb5 a6 4. Ba4 Bc5 5. 0-0 d6 6. d3 Bg4 7. h3 Bxf3 8. Qxf3 Qf6 9. Qd1 b5 10. Bb3 Nd4 11. c3 Nxb3 12. axb3 Ne7 13. b4 Bb6 14. Qe2 0-0 15. Be3 Bxe3 16. Qxe3 Qe6 17. Nd2 f5 18. f4 exf4 19. Qxf4 fxe4 20. Qxe4 Rxf1+ 21. Kxf1 Qxe4 22. Nxe4 Nc6 23. d4 Kf7 24. Ke2 h6 25. Kd3 a5 26. b3 Ra7 27. d5 axb4 28. Rf1+ Kg6 29. dxc6 Ra6 30. cxb4 Rxc6 31. Nc3 Rb6 32. Nd5 Rb7 33. Rc1 1-0

[Event "Polanica Zdroj op-D 47th"]
[Site "Polanica Zdroj"]
[Date "2011.08.22"]
[Round "3"]
[White "Osinski, Kamil"]
[Black "Mucha, Piotr"]
[Result "0-1"]
[WhiteElo "1676"]
[BlackElo "1919"]
[PlyCount "98"]
[EventDate "2011.08.20"]
[EventType "swiss"]
[EventRounds "9"]
[EventCountry "POL"]
[SourceTitle "EXT 2014"]
[Source "ChessBase"]
[SourceDate "2013.11.20"]
[SourceVersion "1"]
[SourceVersionDate "2013.11.20"]
[SourceQuality "1"]

1. e4 c5 2. Na3 a6 3. Nf3 b5 4. c3 Bb7 5. d3 g6 6. Be2 Bg7 7. Qc2 Nc6 8. 0-0 d6 9. Be3 Rc8 10. Ne1 Nd4 11. Bxd4 cxd4 12. c4 Nf6 13. Qb3 Bc6 14. cxb5 axb5 15. Nxb5 Rb8 16. a4 Qb6 17. Nc2 Bxb5 18. axb5 0-0 19. Na3 Ne8 20. Rfc1 Nc7 21. Rc4 Rb7 22. Rb4 Na6 23. Nc4 Nc5 24. Nxb6 Nxb3 25. Rxb3 Rxb6 26. Ra6 Rfb8 27. Rxb6 Rxb6 28. f4 e5 29. fxe5 dxe5 30. Bg4 Bf8 31. Bd7 Bc5 32. Bc6 Kf8 33. Kf1 Ke7 34. Ke2 Rb8 35. Kd2 Kd6 36. Ra3 Bxa3 37. bxa3 Kc5 38. Kc2 f5 39. Kb3 fxe4 40. dxe4 Rxb5+ 41. Bxb5 Kxb5 42. g4 g5 43. h3 h6 44. Kb2 Ka4 45. Ka2 d3 46. Kb2 d2 47. Kc2 Kxa3 48. Kd1 Kb3 49. Kxd2 Kb2 0-1

[Event "POL-chT U19 42nd"]
[Site "Ustron"]
[Date "2011.??.??"]
[Round "7.16"]
[White "Januszkiewicz, Wojciech"]
[Black "Osinski, Kamil"]
[Result "1-0"]
[WhiteElo "1749"]
[BlackElo "1708"]
[PlyCount "45"]
[EventDate "2011.06.24"]
[EventType "team-tourn"]
[EventRounds "9"]
[EventCountry "POL"]
[SourceTitle "EXT 2015"]
[Source "ChessBase"]
[SourceDate "2014.11.20"]
[SourceVersion "1"]
[SourceVersionDate "2014.11.20"]
[SourceQuality "1"]
[WhiteTeam "Koszalin Hetman Politechnika U19"]
[BlackTeam "Skierniewice KS Piatka U19"]
[WhiteTeamCountry "POL"]
[BlackTeamCountry "POL"]

1. e4 c5 2. Nf3 e6 3. d4 cxd4 4. Nxd4 a6 5. Bd3 Qc7 6. Nc3 Bb4 7. 0-0 Nf6 8. Bd2 Nc6 9. Nb3 0-0 10. a3 Be7 11. f4 d6 12. Qf3 b5 13. g4 Bb7 14. g5 Nd7 15. Qh3 Rfd8 16. f5 exf5 17. Nd5 Qb8 18. exf5 f6 19. g6 hxg6 20. fxg6 Nf8 21. Rf4 Bc8 22. Qh5 f5 23. Bxf5 1-0

[Event "POL-chT U19 42nd"]
[Site "Ustron"]
[Date "2011.??.??"]
[Round "6.16"]
[White "Osinski, Kamil"]
[Black "Delekta, Filip"]
[Result "1-0"]
[WhiteElo "1708"]
[BlackElo "1848"]
[PlyCount "67"]
[EventDate "2011.06.24"]
[EventType "team-tourn"]
[EventRounds "9"]
[EventCountry "POL"]
[SourceTitle "EXT 2015"]
[Source "ChessBase"]
[SourceDate "2014.11.20"]
[SourceVersion "1"]
[SourceVersionDate "2014.11.20"]
[SourceQuality "1"]
[WhiteTeam "Skierniewice KS Piatka U19"]
[BlackTeam "Gorzow Wielkopolski Stilon U19"]
[WhiteTeamCountry "POL"]
[BlackTeamCountry "POL"]

1. e4 c5 2. Nc3 Nc6 3. f4 e6 4. Nf3 d5 5. Bb5 d4 6. Ne2 Nf6 7. Bxc6+ bxc6 8. d3 Ba6 9. 0-0 c4 10. Ne5 cxd3 11. cxd3 Qb6 12. Kh1 Rd8 13. Ng3 Nd7 14. Nxd7 Rxd7 15. e5 c5 16. b3 Qb5 17. Rf3 h6 18. f5 exf5 19. Nxf5 g6 20. Ng3 Bg7 21. Ne4 Bxe5 22. Bf4 Bxf4 23. Nf6+ Ke7 24. Rxf4 Rd6 25. Qf3 Qxd3 26. Re1+ Re6 27. Qf2 Kd8 28. Rfe4 Rhe8 29. Qf4 Qb5 30. Nxe8 Qxe8 31. Rxe6 fxe6 32. Qd6+ Qd7 33. Qxa6 e5 34. Qf6+ 1-0